000 00298nam a22001337a 4500
020 _a978-93-84438-44-9
082 _a920
_bFRA/D
100 _aANNE, FRANK
245 _aTHE DIARY OF A YOUNG GIRL
260 _aNEW DELHI
_bLITTLE SCHOLARZ
300 _a272
650 _aDIARY
_zNEW DLHI
942 _cBK
999 _c5179
_d5179